The brave goat

Bibliographic Details
Main Author: Kan, Daisy
Corporate Author: Title
Format: Book
Published: Selangor : Pustaka Serindit , 2006
Series:My violet stories
Subjects:

MARC

LEADER 00000cam a2200000 7i4500
001 0000001570
005 20220105103922.0
008 070706
020 |a 9833529119(set) 
020 |a 9833529143 
090 0 0 |a JP   |b ANM ENG (1902) 
100 1 |a Kan, Daisy 
245 1 4 |a The brave goat   |c Daisy Kan 
260 |a Selangor :   |b Pustaka Serindit ,   |c 2006 
440 0 |a My violet stories 
500 |a Children age 4-6 years old (yellow) 
650 0 |a Animals 
650 0 |a Junior preschool   |x English   |x Languages 
710 0 |a Title 
999 |a 0000944542   |b Book   |c Children Collection   |e Cawangan Taman Sri Lambak 
999 |a 0000965565   |b Book   |c Children Collection   |e Perbadanan Perpustakaan Awam Johor 
999 |a 0000965566   |b Book   |c Children Collection   |e Cawangan Sri Merlong 
999 |a 0000965567   |b Book   |c Children Collection   |e Perbadanan Perpustakaan Awam Johor 
999 |a 0000965568   |b Book   |c Children Collection   |e Cawangan Urban Transformation Centre 
999 |a 0000965569   |b Book   |c Children Collection   |e Cawangan Bandar Tenggara 
999 |a 9833529143   |b Book   |c Children Collection   |e Cawangan Sri Merlong